[Event "45th IT Bosna 2015"]
[Site "Sarajevo"]
[Date "2015.06.01"]
[Round "4.6"]
[White "Drazic, Sinisa"]
[Black "Nikolic, Predrag"]
[Result "1/2-1/2"]
[WhiteElo "2439"]
[BlackElo "2618"]
[PlyCount "86"]
[EventDate "2015.05.30"]

1. d4 Nf6 2. c4 e6 3. Nc3 Bb4 4. e3 Bxc3+ 5. bxc3 d6 6. Bd3 e5 7. Ne2 c5 8. d5
e4 9. Bc2 Bg4 10. O-O Bxe2 11. Qxe2 Nbd7 12. Rb1 Qa5 13. Rb5 Qc7 14. a4 O-O 15.
Bd2 Rfe8 16. f3 exf3 17. gxf3 Nf8 18. Kh1 Ng6 19. e4 Qe7 20. Qg2 Kh8 21. Rg1
Rg8 22. Rbb1 Rae8 23. Rbe1 Qe5 24. Qh3 Nf4 25. Qh4 g5 26. Rxg5 Qxg5 27. Qxg5
Rxg5 28. Bxf4 Rg6 29. e5 dxe5 30. Bxe5 Kg8 31. Bxg6 hxg6 32. f4 Nd7 33. Rb1 b6
34. a5 f6 35. Bc7 Kf7 36. axb6 axb6 37. Ra1 g5 38. f5 Re4 39. Bd6 Rxc4 40. Ra7
Ke8 41. Ra8+ Kf7 42. Ra7 Ke8 43. Ra8+ Kf7 1/2-1/2

[Event "45th IT Bosna 2015"]
[Site "Sarajevo"]
[Date "2015.06.01"]
[Round "4.8"]
[White "Antipov, Mikhail Al"]
[Black "Gazik, Viktor"]
[Result "1-0"]
[WhiteElo "2523"]
[BlackElo "2445"]
[PlyCount "101"]
[EventDate "2015.05.30"]

1. e4 Nf6 2. e5 Nd5 3. d4 d6 4. exd6 exd6 5. Nf3 Nc6 6. Be2 Be7 7. O-O O-O 8.
c4 Nb6 9. Nc3 Bg4 10. b3 Bf6 11. Be3 Re8 12. h3 Bh5 13. Qd2 h6 14. Rad1 d5 15.
c5 Nc8 16. g4 Bg6 17. Ne1 b6 18. Bb5 Qd7 19. f4 bxc5 20. dxc5 Bxc3 21. Qxc3 Be4
22. Nf3 f6 23. f5 a6 24. Bxc6 Qxc6 25. Nd4 Qd7 26. Rd2 Na7 27. c6 Qe7 28. a4
Nc8 29. Bf4 Nd6 30. Re1 Rac8 31. Qa5 Nf7 32. Ne6 Ng5 33. Bxg5 hxg5 34. Qc3 Qa3
35. Ra1 Qd6 36. Re1 Qa3 37. Nc5 Rb8 38. Rd4 Qa2 39. Rd2 Qa3 40. Ra1 Qb4 41.
Qxb4 Rxb4 42. a5 d4 43. Nxa6 Rxb3 44. Nc5 Rbb8 45. Nxe4 Rxe4 46. a6 Kf7 47. a7
Ra8 48. Rb2 Ree8 49. Rb7 Rac8 50. Kf2 Ke7 51. Re1+ 1-0

[Event "45th IT Bosna 2015"]
[Site "Sarajevo"]
[Date "2015.06.01"]
[Round "4.9"]
[White "Marjanovic, Dejan"]
[Black "Savic, Miodrag R"]
[Result "1/2-1/2"]
[WhiteElo "2340"]
[BlackElo "2509"]
[PlyCount "34"]
[EventDate "2015.05.30"]

1. e4 e5 2. Nf3 Nf6 3. Nxe5 d6 4. Nf3 Nxe4 5. Nc3 Nf6 6. d4 d5 7. Bd3 Be7 8. h3
O-O 9. O-O Nc6 10. a3 h6 11. Re1 a6 12. Bf4 Bd6 13. Qd2 Bxf4 14. Qxf4 Nh5 15.
Qe3 Nf6 16. Qf4 Nh5 17. Qe3 Nf6 1/2-1/2

[Event "45th IT Bosna 2015"]
[Site "Sarajevo"]
[Date "2015.06.01"]
[Round "4.10"]
[White "Stojanovic, Dalibor"]
[Black "Sutkovic, Damir"]
[Result "1-0"]
[WhiteElo "2498"]
[BlackElo "2320"]
[PlyCount "85"]
[EventDate "2015.05.30"]

1. e4 g6 2. d4 Bg7 3. Nc3 d6 4. Be3 a6 5. Nf3 b5 6. Bd3 Bb7 7. a4 b4 8. Ne2 Nf6
9. Ng3 Nbd7 10. h3 c5 11. c3 O-O 12. Nd2 cxd4 13. cxd4 e5 14. d5 Nxd5 15. exd5
f5 16. f4 exf4 17. Bxf4 Nc5 18. Nc4 Re8+ 19. Be2 g5 20. Bxd6 Bxb2 21. Rb1 Bc3+
22. Kf1 f4 23. Bxc5 fxg3 24. Nd6 Qf6+ 25. Kg1 Rxe2 26. Qxe2 Bd4+ 27. Bxd4 Qxd4+
28. Kf1 Bxd5 29. Ke1 Qc3+ 30. Qd2 Qxd2+ 31. Kxd2 Rd8 32. Rxb4 Rxd6 33. Rd4 Bxg2
34. Rxd6 Bxh1 35. Ke3 a5 36. Ra6 Kg7 37. Rxa5 Kg6 38. Rc5 h5 39. a5 h4 40. Rc4
Bg2 41. a6 Bxh3 42. Rc6+ Kh5 43. a7 1-0

[Event "45th IT Bosna 2015"]
[Site "Sarajevo"]
[Date "2015.06.01"]
[Round "4.11"]
[White "Djoric, Dusan"]
[Black "Kovacevic, Aleksandar"]
[Result "1-0"]
[WhiteElo "2268"]
[BlackElo "2486"]
[PlyCount "101"]
[EventDate "2015.05.30"]

1. d4 Nf6 2. c4 e6 3. Nf3 c5 4. g3 cxd4 5. Nxd4 d5 6. Nc2 Nc6 7. cxd5 Nxd5 8.
Bg2 Bc5 9. O-O O-O 10. Bd2 e5 11. Nc3 Nxc3 12. Bxc3 Qe7 13. e3 Be6 14. Qe2 Rfd8
15. b4 Nxb4 16. Nxb4 Bxb4 17. Bxb4 Qxb4 18. Rfb1 Qc3 19. Bxb7 Rab8 20. Rc1 Rd2
21. Qe1 Qd3 22. Rd1 Rxd1 23. Rxd1 Qa3 24. Bd5 Bxd5 25. Rxd5 Qxa2 26. Ra5 Qb1
27. Qxb1 Rxb1+ 28. Kg2 Rb7 29. Rxe5 Kf8 30. Ra5 Ke7 31. Ra6 Kd8 32. f4 Kc8 33.
Kf3 Kb8 34. g4 Rb2 35. h4 Kb7 36. Ra3 Rb5 37. g5 a5 38. e4 Kb6 39. f5 g6 40.
Kf4 gxf5 41. exf5 Kc5 42. Kg4 Kb4 43. Ra1 a4 44. f6 a3 45. Kh5 Ka4 46. Kh6 Rb4
47. Kg7 Rxh4 48. Kxf7 Rg4 49. Ke6 Re4+ 50. Kf5 Re2 51. Rf1 1-0

[Event "45th IT Bosna 2015"]
[Site "Sarajevo"]
[Date "2015.06.01"]
[Round "4.12"]
[White "Zildzic, Kenan"]
[Black "Jovanovic, Zoran"]
[Result "0-1"]
[WhiteElo "2181"]
[BlackElo "2518"]
[PlyCount "100"]
[EventDate "2015.05.30"]

1. e4 d6 2. d4 Nf6 3. Nc3 e5 4. Nf3 Nbd7 5. Bc4 Be7 6. a4 O-O 7. O-O c6 8. h3
b6 9. Re1 a6 10. d5 c5 11. g3 Ne8 12. Bf1 g6 13. Bh6 Ng7 14. Qd2 Kh8 15. Bg2
Nf6 16. Nh2 Ng8 17. Bxg7+ Kxg7 18. f4 Bf6 19. Nf3 Qe7 20. fxe5 Bxe5 21. Nxe5
Qxe5 22. Qf4 f6 23. Nd1 Bd7 24. Nf2 Nh6 25. Nd3 Qe7 26. b4 Nf7 27. a5 cxb4 28.
axb6 Rfb8 29. Nxb4 Rxb6 30. c3 a5 31. Bf1 Qd8 32. Nc2 Qc7 33. c4 Ne5 34. Rec1
Rb2 35. Qe3 Rab8 36. Ra3 a4 37. Rc3 Qc5 38. Nd4 Ra2 39. R1c2 Rxc2 40. Nxc2 Rb1
41. Kf2 Rb2 42. Qxc5 dxc5 43. Ke3 Rb1 44. Bg2 Rg1 45. Kf2 Rc1 46. Ke2 a3 47.
Kd2 Rg1 48. Ne1 a2 49. Rc1 Nxc4+ 50. Ke2 Na3 0-1

[Event "45th IT Bosna 2015"]
[Site "Sarajevo"]
[Date "2015.06.01"]
[Round "4.13"]
[White "Kurajica, Bojan"]
[Black "Mrndjic, Armin"]
[Result "1-0"]
[WhiteElo "2518"]
[BlackElo "2148"]
[PlyCount "65"]
[EventDate "2015.05.30"]

1. Nf3 Nf6 2. c4 e6 3. g3 b6 4. Bg2 Bb7 5. O-O Be7 6. b3 O-O 7. Bb2 d6 8. d4 c5
9. e3 Nbd7 10. Nc3 Ne4 11. Ne2 Qc7 12. Qc2 Ndf6 13. Ne1 Ng5 14. h4 Bxg2 15.
Kxg2 Qb7+ 16. f3 Nge4 17. fxe4 Ng4 18. Rf3 f5 19. d5 exd5 20. exd5 Rae8 21. Kg1
Bd8 22. Ng2 g6 23. Raf1 Bf6 24. Bxf6 Rxf6 25. Nc3 Qe7 26. Nd1 Rf7 27. Rf4 Nf6
28. Nf2 Nh5 29. Rf3 Qe5 30. g4 Ng7 31. e4 f4 32. Nh3 Qxe4 33. Qf2 1-0

[Event "45th IT Bosna 2015"]
[Site "Sarajevo"]
[Date "2015.06.01"]
[Round "4.14"]
[White "Terzic, Ilijas"]
[Black "Nestorovic, Dejan"]
[Result "0-1"]
[WhiteElo "2166"]
[BlackElo "2425"]
[PlyCount "40"]
[EventDate "2015.05.30"]

1. d4 Nf6 2. Nf3 e6 3. Bg5 c5 4. e3 Qb6 5. Na3 Qxb2 6. Nb5 Qb4+ 7. Nd2 Qa5 8.
c3 a6 9. Nc4 Qxb5 10. Nd6+ Bxd6 11. Bxb5 axb5 12. dxc5 Bxc5 13. Bxf6 gxf6 14.
Qh5 d6 15. Qh6 Ke7 16. Qg7 Rf8 17. Qxh7 Bd7 18. Qd3 Bc6 19. e4 Ra4 20. f3 Nd7
0-1

[Event "45th IT Bosna 2015"]
[Site "Sarajevo"]
[Date "2015.06.01"]
[Round "4.15"]
[White "Bjelopoljak, Salko"]
[Black "Jakovljevic, Vlado"]
[Result "0-1"]
[WhiteElo "2084"]
[BlackElo "2393"]
[PlyCount "98"]
[EventDate "2015.05.30"]

1. c4 c5 2. g3 Nf6 3. Bg2 d5 4. cxd5 Nxd5 5. Nc3 Nc7 6. Nf3 Nc6 7. a3 Rb8 8.
O-O e5 9. d3 Be7 10. Nd2 Bd7 11. Nc4 f6 12. Nd5 Nxd5 13. Bxd5 Bh3 14. Ne3 Qd7
15. Re1 Nd4 16. Rb1 f5 17. Bg2 Bxg2 18. Kxg2 O-O 19. Nc2 Ne6 20. f3 f4 21. Bd2
h5 22. Rg1 Rbd8 23. Bc3 Qd5 24. Qf1 Nd4 25. Nxd4 exd4 26. Bd2 Bd6 27. Kh1 fxg3
28. hxg3 Rde8 29. Re1 Qf5 30. Qg2 Re6 31. g4 hxg4 32. Qxg4 Qh7+ 33. Kg2 Rg6 34.
Bg5 Bf4 35. Rh1 Rxg5 36. Qxg5 Bxg5 37. Rxh7 Kxh7 38. b4 Rc8 39. Rb1 c4 40. dxc4
Rxc4 41. Kg3 Rc2 42. f4 Bf6 43. e4 dxe3 44. Kf3 Bd4 45. Ke4 Bb6 46. a4 e2 47.
Kd3 Rb2 48. Rh1+ Kg6 49. Kc3 Rxb4 0-1

[Event "45th IT Bosna 2015"]
[Site "Sarajevo"]
[Date "2015.06.01"]
[Round "4.16"]
[White "Zlobec, Srdjan"]
[Black "Ivanov, Mikhail M"]
[Result "0-1"]
[WhiteElo "2061"]
[BlackElo "2384"]
[PlyCount "82"]
[EventDate "2015.05.30"]

1. d4 g6 2. Nf3 Bg7 3. Bf4 f5 4. e3 Nf6 5. h3 O-O 6. Be2 d6 7. O-O Nc6 8. c4
Ne4 9. Nc3 Nxc3 10. bxc3 e5 11. Bh2 Qe7 12. Rb1 e4 13. Ne1 b6 14. Nc2 Na5 15.
Nb4 Bb7 16. Qd2 Rad8 17. d5 Qf6 18. Rbc1 Rde8 19. Rfe1 g5 20. f3 Bc8 21. fxe4
Rxe4 22. Bd3 Ree8 23. Rf1 Kh8 24. Bg3 Re7 25. e4 f4 26. Bf2 g4 27. hxg4 Qg5 28.
Nc2 Qxg4 29. Nd4 Be5 30. Qe2 Qg7 31. Bh4 Ree8 32. Qf2 Nb7 33. Nf5 Bxf5 34. exf5
Nc5 35. Bc2 Qh6 36. Rce1 Rg8 37. f6 Rg4 38. f7 Rf8 39. Be7 Rxf7 40. Bd8 f3 41.
g3 Qh3 0-1

[Event "45th IT Bosna 2015"]
[Site "Sarajevo"]
[Date "2015.06.01"]
[Round "4.17"]
[White "Vajic, Goran"]
[Black "Hadzovic, Amir"]
[Result "1-0"]
[WhiteElo "2379"]
[BlackElo "2218"]
[PlyCount "111"]
[EventDate "2015.05.30"]

1. e4 e5 2. Nf3 Nc6 3. d4 exd4 4. Bc4 Nf6 5. e5 d5 6. Bb5 Ne4 7. Nxd4 Bd7 8.
Bxc6 bxc6 9. O-O c5 10. Nb3 c6 11. f3 Ng5 12. f4 Ne4 13. Nc3 Nxc3 14. bxc3 g6
15. Be3 c4 16. Nd4 Bg7 17. Qd2 O-O 18. Rae1 Re8 19. Nf3 Qc7 20. Bc5 Qa5 21. Bd6
f6 22. exf6 Bxf6 23. Be5 Bxe5 24. fxe5 Bf5 25. Nd4 Be4 26. e6 Re7 27. Rf2 Qc5
28. Qh6 Rg7 29. Rf7 Rxf7 30. exf7+ Kh8 31. Qf4 Qe7 32. Ne6 Qxe6 33. f8=Q+ Rxf8
34. Qxf8+ Qg8 35. Qf6+ Qg7 36. Qd8+ Qg8 37. Qxg8+ Kxg8 38. Rb1 Bxc2 39. Rb7 c5
40. Rc7 d4 41. cxd4 cxd4 42. Rxc4 d3 43. Rd4 Kf7 44. Kf2 h5 45. Ke3 Ke6 46.
Re4+ Kf5 47. Rc4 g5 48. Rc5+ Kg4 49. Ra5 d2 50. Kxd2 Be4 51. Ke3 Bxg2 52. Kf2
Be4 53. Rxa7 Kf4 54. a4 g4 55. a5 h4 56. Rf7+ 1-0

[Event "45th IT Bosna 2015"]
[Site "Sarajevo"]
[Date "2015.06.01"]
[Round "4.18"]
[White "Kozarcanin, Sead"]
[Black "Markoja, Boris"]
[Result "1-0"]
[WhiteElo "2066"]
[BlackElo "2372"]
[PlyCount "65"]
[EventDate "2015.05.30"]

1. e4 c5 2. Nc3 Nc6 3. g3 g6 4. Bg2 Bg7 5. Nge2 d6 6. d3 e5 7. Nd5 h5 8. h4 Be6
9. Bg5 f6 10. Bd2 Bh6 11. a3 Nd4 12. Nxd4 cxd4 13. c3 Bxd5 14. exd5 Bxd2+ 15.
Qxd2 Qb6 16. O-O Ne7 17. c4 a5 18. b4 Kf7 19. Bh3 Nf5 20. Rfd1 axb4 21. axb4
Kg7 22. c5 Qc7 23. Rxa8 Rxa8 24. Qc2 Ne7 25. Be6 Rd8 26. Qc4 g5 27. hxg5 fxg5
28. c6 bxc6 29. dxc6 h4 30. Bd7 hxg3 31. fxg3 Rf8 32. Qe6 Ng6 33. Be8 1-0

[Event "45th IT Bosna 2015"]
[Site "Sarajevo"]
[Date "2015.06.01"]
[Round "4.19"]
[White "Bistric, Faruk"]
[Black "Medic, Nevenko"]
[Result "0-1"]
[WhiteElo "2370"]
[BlackElo "2038"]
[PlyCount "55"]
[EventDate "2015.05.30"]

1. e4 c6 2. d4 d5 3. exd5 cxd5 4. Bd3 Nc6 5. c3 Nf6 6. h3 e6 7. Nf3 Qc7 8. O-O
h6 9. Re1 Bd6 10. Qe2 O-O 11. Ne5 Bxe5 12. dxe5 Nd7 13. f4 f5 14. Be3 b6 15.
Na3 a6 16. b4 b5 17. Nc2 Nb6 18. Bxb6 Qxb6+ 19. Kh2 Bb7 20. Rg1 g6 21. g4 Kh7
22. Rg2 d4 23. gxf5 gxf5 24. Rg6 Kxg6 25. Rg1+ Kh7 26. Qh5 Ne7 27. Nxd4 Rg8 28.
Nxf5 0-1

[Event "45th IT Bosna 2015"]
[Site "Sarajevo"]
[Date "2015.06.01"]
[Round "4.20"]
[White "Petrovic, Marija"]
[Black "Rasidovic, Sead"]
[Result "0-1"]
[WhiteElo "2049"]
[BlackElo "2341"]
[PlyCount "77"]
[EventDate "2015.05.30"]

1. d4 f5 2. g3 Nf6 3. Bg2 e6 4. c4 d5 5. Qc2 c6 6. Nh3 Bd6 7. O-O O-O 8. Bf4
Qe7 9. Nd2 h6 10. Bxd6 Qxd6 11. Nf4 g5 12. Ng6 Rd8 13. c5 Qc7 14. Nf3 Bd7 15.
Nge5 Be8 16. Nd3 Bg6 17. Nfe5 Bh7 18. Qd2 Qg7 19. f4 g4 20. b4 h5 21. a4 h4 22.
b5 h3 23. Bh1 Bg6 24. Qa5 Rc8 25. Rfb1 Be8 26. e3 cxb5 27. axb5 Nbd7 28. c6
Nxe5 29. fxe5 Nh5 30. cxb7 Qxb7 31. Nc5 Qe7 32. Qa6 Ng7 33. Qd6 Qg5 34. Kf2 Qg6
35. Rb2 Rd8 36. Qe7 Qf7 37. Qf6 Qf8 38. Ra6 Bf7 39. Qg5 0-1

[Event "45th IT Bosna 2015"]
[Site "Sarajevo"]
[Date "2015.06.01"]
[Round "4.21"]
[White "Jelen, Darko"]
[Black "Burovic, Rijad"]
[Result "0-1"]
[WhiteElo "2039"]
[BlackElo "2330"]
[PlyCount "74"]
[EventDate "2015.05.30"]

1. e4 e6 2. d4 d5 3. exd5 exd5 4. Bf4 Bd6 5. Bxd6 Qxd6 6. Nf3 Nf6 7. Bd3 O-O 8.
O-O Bg4 9. Nbd2 Re8 10. Re1 Nc6 11. c3 Rxe1+ 12. Qxe1 Re8 13. Qb1 Qf4 14. Bb5
Ne4 15. Qd3 Re6 16. Bxc6 bxc6 17. Qa6 h5 18. Nxe4 Bxf3 19. Ng3 h4 20. gxf3 hxg3
21. hxg3 Qxf3 22. Qf1 Rh6 23. Qg2 Qe2 24. b3 Qb2 25. Re1 Qxc3 26. Qf1 Qxd4 27.
Kg2 Kh7 28. Re7 Qf6 29. Qb1+ g6 30. Rxc7 Qe6 31. Rxa7 d4 32. Qd3 Qd5+ 33. f3
Qh5 34. Qxd4 Qh1+ 35. Kf2 Rh2+ 36. Ke3 Qg1+ 37. Kd3 Rd2+ 0-1

[Event "45th IT Bosna 2015"]
[Site "Sarajevo"]
[Date "2015.06.01"]
[Round "4.22"]
[White "Trkulja, Goran"]
[Black "Kuzmanovic, Aleksa"]
[Result "1-0"]
[WhiteElo "2324"]
[BlackElo "2062"]
[PlyCount "77"]
[EventDate "2015.05.30"]

1. Nf3 Nf6 2. c4 g6 3. g3 Bg7 4. Bg2 O-O 5. Nc3 d5 6. cxd5 Nxd5 7. O-O Nc6 8.
Qa4 Nb6 9. Qc2 e5 10. d3 h6 11. a3 a5 12. b3 Bg4 13. e3 Qd7 14. Ne4 Rad8 15.
Nc5 Qc8 16. Bb2 Nd7 17. d4 exd4 18. Nxd4 Nxd4 19. Bxd4 Bxd4 20. exd4 Nxc5 21.
dxc5 c6 22. Qc3 Qc7 23. Rfe1 Rfe8 24. Qf6 Rxe1+ 25. Rxe1 Rd1 26. Rxd1 Bxd1 27.
Qc3 Qe7 28. h4 Qe6 29. b4 axb4 30. axb4 Bb3 31. Qd2 Kg7 32. b5 Kh7 33. Kh2 Bc4
34. b6 h5 35. Qd6 Kg7 36. Bxc6 Qc8 37. Bxb7 Qxb7 38. Qd4+ Kg8 39. Qxc4 1-0

[Event "45th IT Bosna 2015"]
[Site "Sarajevo"]
[Date "2015.06.01"]
[Round "4.23"]
[White "Sinanovic, Ermin"]
[Black "Gazik, Igor"]
[Result "0-1"]
[WhiteElo "1930"]
[BlackElo "2320"]
[PlyCount "76"]
[EventDate "2015.05.30"]

1. e4 Nf6 2. Nc3 d5 3. exd5 Nxd5 4. Nf3 Bg4 5. d4 e6 6. Be2 Nxc3 7. bxc3 Be7 8.
Rb1 b6 9. Ne5 Bxe2 10. Qxe2 Qd5 11. O-O O-O 12. Rb5 c5 13. c4 Qb7 14. Rb3 Nd7
15. Rh3 Nxe5 16. dxe5 Rfd8 17. Re1 g6 18. c3 Rd7 19. Qe3 Bf8 20. Qe2 Be7 21.
Qe3 h5 22. Qf3 Qxf3 23. Rxf3 Rad8 24. Rf1 Kg7 25. g3 g5 26. Re3 Rd3 27. Kg2
Rxe3 28. Bxe3 Kg6 29. a4 Kf5 30. a5 Kxe5 31. axb6 axb6 32. Rb1 Rd6 33. h4 Kf5
34. g4+ hxg4 35. h5 e5 36. Ra1 Kf6 37. Ra7 Rc6 38. Ra8 Kg7 0-1

[Event "45th IT Bosna 2015"]
[Site "Sarajevo"]
[Date "2015.06.01"]
[Round "4.24"]
[White "Tomic, Jelena"]
[Black "Popovic, Zoran"]
[Result "0-1"]
[WhiteElo "1333"]
[BlackElo "2309"]
[PlyCount "56"]
[EventDate "2015.05.30"]

1. e4 c6 2. d4 d5 3. e5 Bf5 4. Nf3 e6 5. Be2 Nd7 6. O-O Ne7 7. Be3 Nc8 8. Nbd2
Be7 9. Nb3 a6 10. a4 O-O 11. Nfd2 f6 12. f4 fxe5 13. fxe5 Bg5 14. Bxg5 Qxg5 15.
Rf3 Ne7 16. Rg3 Qh6 17. Nf3 Ng6 18. Bd3 Nf4 19. Qd2 Bxd3 20. cxd3 g6 21. Rf1
Rf5 22. Nc1 Raf8 23. Ne2 Nh3+ 24. Rxh3 Rxf3 25. Nf4 Rxf1+ 26. Kxf1 Qxf4+ 27.
Qxf4 Rxf4+ 28. Ke2 Rxd4 0-1

[Event "45th IT Bosna 2015"]
[Site "Sarajevo"]
[Date "2015.06.01"]
[Round "4.25"]
[White "Vea, Odin Blikra"]
[Black "Haskovic, Salih"]
[Result "1-0"]
[WhiteElo "2234"]
[BlackElo "1942"]
[PlyCount "69"]
[EventDate "2015.05.30"]

1. e4 e5 2. Nf3 Nc6 3. Bb5 Nd4 4. Nxd4 exd4 5. Bc4 d6 6. O-O Be6 7. Bxe6 fxe6
8. d3 Be7 9. Qh5+ g6 10. Qb5+ Kf7 11. Qxb7 Nf6 12. e5 dxe5 13. Qf3 Qd5 14. Nd2
Qxf3 15. Nxf3 Nd7 16. Re1 Bf6 17. b3 h6 18. a4 a5 19. Bd2 c5 20. h4 Bg7 21. Re2
Ke7 22. g3 Kd6 23. Be1 Raf8 24. Nd2 Nb6 25. Kg2 Kd5 26. Rb1 Rd8 27. f3 Rhf8 28.
Nc4 Nxc4 29. bxc4+ Kc6 30. Bd2 Rf7 31. f4 Ra8 32. fxe5 Rf5 33. g4 Rxe5 34. Rxe5
Bxe5 35. Kf3 1-0

[Event "45th IT Bosna 2015"]
[Site "Sarajevo"]
[Date "2015.06.01"]
[Round "4.26"]
[White "Jusic, Zdenko"]
[Black "Alic, Amir"]
[Result "1-0"]
[WhiteElo "2283"]
[BlackElo "1964"]
[PlyCount "60"]
[EventDate "2015.05.30"]

1. e4 e5 2. Nf3 Nc6 3. Bc4 Nf6 4. Ng5 d5 5. exd5 Na5 6. d3 Bg4 7. f3 Bh5 8. Qe2
Qd6 9. Nc3 Nxc4 10. dxc4 h6 11. Nge4 Nxe4 12. Nxe4 Qd7 13. Ng3 Bg6 14. Qxe5+
Be7 15. Qxg7 O-O-O 16. O-O Bxc2 17. Bf4 h5 18. Qc3 Bg6 19. Qa5 Kb8 20. c5 h4
21. Ne4 Bxe4 22. fxe4 Rdg8 23. c6 bxc6 24. Rac1 Bd6 25. e5 Rxg2+ 26. Kxg2 Qg4+
27. Kh1 Rg8 28. Rf2 Bxe5 29. dxc6 Bxf4 30. Qb4+ Kc8 1-0

[Event "45th IT Bosna 2015"]
[Site "Sarajevo"]
[Date "2015.06.01"]
[Round "4.27"]
[White "Musovic, Sabrija"]
[Black "Mrndjic, Muamer"]
[Result "0-1"]
[WhiteElo "2043"]
[BlackElo "2263"]
[PlyCount "68"]
[EventDate "2015.05.30"]

1. e4 c5 2. Nf3 d6 3. d4 cxd4 4. Nxd4 Nf6 5. Nc3 a6 6. Bg5 Nbd7 7. f4 h6 8.
Bxf6 Nxf6 9. Qf3 Qb6 10. Nb3 g6 11. f5 gxf5 12. exf5 Bd7 13. O-O-O Bc6 14. Qh3
Rg8 15. Nd4 Ng4 16. Qg3 Nf6 17. Qe1 O-O-O 18. Rg1 Rg4 19. Nxc6 Qxg1 20. Nxd8
Kxd8 21. h3 Rf4 22. g4 Bg7 23. Ne2 Qe3+ 24. Kb1 Rf3 25. Qa5+ Kd7 26. Nc3 Rf2
27. Bc4 Ne4 28. Na4 Nd2+ 29. Ka1 Nxc4 30. Nc5+ Kc8 31. Qa4 Bxb2+ 32. Kb1 Na3+
33. Kxb2 Rxc2+ 34. Qxc2 Nxc2 0-1

[Event "45th IT Bosna 2015"]
[Site "Sarajevo"]
[Date "2015.06.01"]
[Round "4.28"]
[White "Hodzic, Nihad"]
[Black "Popic, Boris"]
[Result "1-0"]
[WhiteElo "2210"]
[BlackElo "2009"]
[PlyCount "113"]
[EventDate "2015.05.30"]

1. d4 d5 2. c4 e6 3. Nc3 Nf6 4. cxd5 exd5 5. Bg5 Be7 6. e3 O-O 7. Bd3 Re8 8.
Qc2 h6 9. Bh4 Nbd7 10. Nge2 a6 11. O-O b6 12. Rad1 Bb7 13. f3 c5 14. Bf2 Rc8
15. Bf5 Qc7 16. Kh1 Bd6 17. Bg1 Rcd8 18. Rfe1 Bf8 19. Na4 Kh8 20. Rc1 g6 21.
Bh3 c4 22. Nac3 b5 23. Ng3 b4 24. Nb1 h5 25. Nd2 Bh6 26. Bf2 Bc6 27. Ngf1 Qb7
28. Rcd1 Nb6 29. Bg3 Kg8 30. Be5 Nfd7 31. Bd6 a5 32. e4 Bf8 33. Bxf8 Nxf8 34.
e5 Bd7 35. Bxd7 Qxd7 36. Ne3 Ne6 37. Ndf1 Nf4 38. Ng3 Nd3 39. Rf1 a4 40. b3 Rc8
41. f4 cxb3 42. Qxd3 bxa2 43. f5 Rc3 44. Qd2 Rec8 45. fxg6 fxg6 46. Rf6 R8c6
47. Rdf1 Rxf6 48. exf6 Kf7 49. Nc2 Qb5 50. Qh6 Nc8 51. Qg7+ Ke6 52. Re1+ Kd6
53. f7 Kc7 54. f8=Q+ Kb8 55. Qxb4 Rb3 56. Qe5+ Ka8 57. Qxb5 1-0

[Event "45th IT Bosna 2015"]
[Site "Sarajevo"]
[Date "2015.06.01"]
[Round "4.29"]
[White "Omanovic, Vahidin"]
[Black "Pastar, Slaven"]
[Result "0-1"]
[WhiteElo "2013"]
[BlackElo "2194"]
[PlyCount "63"]
[EventDate "2015.05.30"]

1. e4 c5 2. Nf3 e6 3. Nc3 Nc6 4. Bb5 Nd4 5. O-O Nxb5 6. Nxb5 a6 7. Nc3 b5 8. d4
cxd4 9. Qxd4 Bb7 10. Bg5 f6 11. Bh4 Nh6 12. Rad1 Be7 13. Bg3 Bc6 14. Bd6 O-O
15. Rfe1 Rc8 16. Bxe7 Qxe7 17. Nd5 Bxd5 18. exd5 Rxc2 19. dxe6 dxe6 20. Qb6 e5
21. Nd4 Rxb2 22. Nc6 Qf7 23. Nd8 Qg6 24. Ne6 Re8 25. Nc7 Re7 26. Nd5 Re8 27.
Nc7 Rf8 28. Ne6 f5 29. Rxe5 Ng4 30. Ree1 Nxf2 31. Qxf2 Rxf2 32. Kxf2 0-1

[Event "45th IT Bosna 2015"]
[Site "Sarajevo"]
[Date "2015.06.01"]
[Round "4.30"]
[White "Jovovic, Milan"]
[Black "Bucan, Eldin"]
[Result "0-1"]
[WhiteElo "1991"]
[BlackElo "2155"]
[PlyCount "72"]
[EventDate "2015.05.30"]

1. d4 Nf6 2. c4 e5 3. dxe5 Ng4 4. Bf4 g5 5. Bg3 Bg7 6. Nf3 Nc6 7. Nc3 Ngxe5 8.
Nxe5 Nxe5 9. e3 d6 10. Qc2 c6 11. Be2 Be6 12. b3 Qa5 13. Rc1 O-O-O 14. O-O h5
15. h4 gxh4 16. Bxh4 Rdg8 17. Rfd1 Ng6 18. Bg3 Be5 19. Ne4 Bxg3 20. Nxg3 h4 21.
Ne4 Kb8 22. Nxd6 Ne5 23. b4 Qc7 24. Qe4 Ng4 25. f3 Nf6 26. Qf4 Nh5 27. Qe5 Ng3
28. Bd3 h3 29. Kf2 h2 30. Rh1 Ka8 31. a4 Qd8 32. e4 Qh4 33. Ke3 Nxh1 34. Rxh1
Rxg2 35. Nf5 Qf2+ 36. Kf4 Qd2+ 0-1

[Event "45th IT Bosna 2015"]
[Site "Sarajevo"]
[Date "2015.06.01"]
[Round "4.31"]
[White "Szostko, Jakub"]
[Black "Drino, Faris"]
[Result "1-0"]
[WhiteElo "2153"]
[BlackElo "1774"]
[PlyCount "73"]
[EventDate "2015.05.30"]

1. e4 d6 2. d4 Nf6 3. Nc3 g6 4. f4 Bg7 5. Nf3 O-O 6. Bd3 Na6 7. O-O c5 8. d5
Rb8 9. a4 Nc7 10. Qe1 a6 11. a5 b5 12. axb6 Rxb6 13. Nd2 Nb5 14. Ne2 e6 15.
dxe6 fxe6 16. Nc4 d5 17. Nxb6 Qxb6 18. Bxb5 axb5 19. e5 Ne4 20. Ng3 Nxg3 21.
hxg3 c4+ 22. Kh2 d4 23. c3 d3 24. Qe3 Qc6 25. Ra7 Bb7 26. Qf3 Qxf3 27. gxf3 Bd5
28. Bd2 Rb8 29. Kg2 Bf8 30. Rh1 h5 31. Rd1 b4 32. cxb4 Bxb4 33. Bxb4 Rxb4 34.
Rd2 Rb3 35. Kf2 Rb5 36. Ke3 Rc5 37. g4 1-0

[Event "45th IT Bosna 2015"]
[Site "Sarajevo"]
[Date "2015.06.01"]
[Round "4.32"]
[White "Cabric, Izet"]
[Black "Strinic, Halid"]
[Result "1-0"]
[WhiteElo "1952"]
[BlackElo "2103"]
[PlyCount "53"]
[EventDate "2015.05.30"]

1. e4 c5 2. Nf3 e6 3. c3 d5 4. e5 Nc6 5. d4 f5 6. Be3 Qb6 7. Qb3 c4 8. Qc2 Na5
9. Nbd2 Bd7 10. b4 Nc6 11. a4 Nd8 12. Be2 Be7 13. O-O Nf7 14. Rfb1 g5 15. g3
Ngh6 16. h3 g4 17. hxg4 Nxg4 18. Bf4 O-O-O 19. a5 Qb5 20. Qa2 Rdg8 21. Nxc4
dxc4 22. Bxc4 Qc6 23. d5 Qc7 24. dxe6 Bc6 25. exf7 Rg6 26. Nd4 Be4 27. Nb5 1-0

[Event "45th IT Bosna 2015"]
[Site "Sarajevo"]
[Date "2015.06.01"]
[Round "4.33"]
[White "Hadzialic, Benjamin"]
[Black "Obad, Andrija"]
[Result "0-1"]
[WhiteElo "1924"]
[BlackElo "2074"]
[PlyCount "64"]
[EventDate "2015.05.30"]

1. e4 c5 2. Nf3 d6 3. d4 cxd4 4. Nxd4 Nf6 5. Nc3 a6 6. Bg5 e6 7. f4 Nbd7 8. Qf3
Qc7 9. O-O-O b5 10. g4 Bb7 11. Bxf6 Nxf6 12. g5 b4 13. Ncb5 axb5 14. gxf6 Rxa2
15. Bxb5+ Kd8 16. Kb1 Ra8 17. Qh5 g6 18. Qe2 Bh6 19. Rhf1 Kc8 20. Nb3 Kb8 21.
Rd4 d5 22. exd5 Bxd5 23. Rxb4 Bf8 24. Rd4 Bc5 25. Rd3 Qa7 26. c4 Rc8 27. Kc2
Bd6 28. Ra1 Qb7 29. Rxa8+ Kxa8 30. Rc3 Be4+ 31. Kc1 Bxf4+ 32. Nd2 Rd8 0-1

[Event "45th IT Bosna 2015"]
[Site "Sarajevo"]
[Date "2015.06.01"]
[Round "4.35"]
[White "Vujicic, Dragisa"]
[Black "Kurtcehajic, Suad"]
[Result "1/2-1/2"]
[WhiteElo "1866"]
[BlackElo "2058"]
[PlyCount "25"]
[EventDate "2015.05.30"]

1. e4 c6 2. d4 d5 3. e5 Bf5 4. Nf3 e6 5. Be2 Qb6 6. O-O c5 7. c4 dxc4 8. Na3
Bd3 9. Nxc4 Bxe2 10. Qxe2 Qc6 11. a4 Nd7 12. Bf4 Nb6 13. Nxb6 1/2-1/2

[Event "45th IT Bosna 2015"]
[Site "Sarajevo"]
[Date "2015.06.01"]
[Round "4.36"]
[White "Nestorovic, Katarina"]
[Black "Bogdanovic, Rajko"]
[Result "0-1"]
[WhiteElo "1764"]
[BlackElo "2268"]
[PlyCount "54"]
[EventDate "2015.05.30"]

1. e4 c5 2. Nf3 d6 3. d4 cxd4 4. Nxd4 Nf6 5. Nc3 a6 6. f4 e5 7. Nf3 Qc7 8. Be3
Be7 9. Qd3 b5 10. O-O-O Nbd7 11. fxe5 dxe5 12. Nd5 Nxd5 13. exd5 Bd6 14. Ng5
Nf6 15. Ne4 Nxe4 16. Qxe4 f5 17. Qd3 O-O 18. g3 Bd7 19. Bg2 Rac8 20. Kb1 a5 21.
Rc1 a4 22. Qe2 a3 23. Qd3 axb2 24. Rcd1 Ra8 25. Bf2 Ra3 26. Qe2 Qa5 27. c3 Rxa2
0-1